AH International Schools' Libraries

Maybe / (Record no. 49141)

MARC details
000 -LEADER
fixed length control field 00378nam a22001217a 4500
008 - FIXED-LENGTH DATA ELEMENTS--GENERAL INFORMATION
fixed length control field 250806b |||||||| |||| 00| 0 eng d
020 ## - INTERNATIONAL STANDARD BOOK NUMBER
International Standard Book Number 9781946873750
100 ## - MAIN ENTRY--PERSONAL NAME
Personal name Kobi Yamada (Author), Mae Besom (Illustrator)
9 (RLIN) 86448
245 ## - TITLE STATEMENT
Title Maybe /
260 ## - PUBLICATION, DISTRIBUTION, ETC. (IMPRINT)
Place of publication, distribution, etc Washington
Name of publisher, distributor, etc APG Sales & Distribution
Date of publication, distribution, etc 2019
300 ## - PHYSICAL DESCRIPTION
Extent 40 pages
Other physical details col. ill.
Dimensions 8.5 x 0.5 x 12.25 inches
942 ## - ADDED ENTRY ELEMENTS (KOHA)
Source of classification or shelving scheme
Koha item type Book
Holdings
Withdrawn status Lost status Source of classification or shelving scheme Damaged status Not for loan Collection code Home library Current library Date acquired Total Checkouts Full call number Barcode Date last seen Price effective from Koha item type
          Siem Riep Asian Hope Siem Reap Asian Hope Siem Reap 08/06/2025   EFIC KOB 209100 08/06/2025 08/06/2025 Book

For any Logos Library related questions please contact Miss Art at swongnarasuk@asianhope.org.

For any Asian Hope Library related questions please contact Miss Raza at graza@asianhope.org.

Click here to explore our ebooks!

Powered by Koha